banner koha

Influencia da calagem e da adubacao fosfatada sobre algumas propriedades do solo [Analise quimica] (Registro n. 10956)

MARC details
000 -LÍDER
campo de controle de tamanho fixo 01016nam a22003377a 4500
001 - NÚMERO DE CONTROLE
campo de controle BR5800069
003 - IDENTIFICADOR DO NÚMERO DE CONTROLE
campo de controle BR-BrBNA
005 - DATA E HORÁRIO DA ÚLTIMA TRANSAÇÃO
campo de controle 20230928083002.0
007 - CAMPO FIXO DE DESCRIÇÃO FÍSICA--INFORMAÇÃO GERAL
campo de controle de tamanho fixo ta
008 - CAMPO DE DADOS FIXOS--INFORMAÇÃO GERAL
campo de controle de tamanho fixo 230509b bl.||||| |||| 00| 0 por d
040 ## - FONTE DA CATALOGAÇÃO
Instituição da catalogação original BR-BrBNA
Idioma da catalogação por
Instituição que transcreveu o registro Biblioteca Nacional de Agricultura
041 ## - CÓDIGO DE IDIOMA
Código do idioma do texto/trilha sonora ou título diferente (Por)
072 ## - CÓDIGO DE CATEGORIA DE ASSUNTO
Código de Categoria de Assunto F25; F22
Código do objeto 3830
-- 3840
090 ## - NÚMERO DE CHAMADA LOCAL
-- 3830 BR5800069
100 1# - ENTRADA PRINCIPAL--NOME PESSOAL
Nome pessoal Poetsch, E.
110 1# - ENTRADA PRINCIPAL--NOME CORPORATIVO
Nome corporativo ou nome da jurisdição Faculdade de Agronomia Eliseu Maciel, Pelotas, RS (Brasil)
Grau Universitário Tese (Catedra de Quimica Agricola)
245 1# - TÍTULO
Título Influencia da calagem e da adubacao fosfatada sobre algumas propriedades do solo [Analise quimica]
260 3# - PUBLICAÇÃO, DISTRIBUIÇÃO, ETC.
Local de publicação, distribuição, etc. Pelotas, RS (Brasil):
Data da publicação, distribuição, etc. 1958.
300 ## - DESCRIÇÃO FÍSICA
Extensão 90 p.
500 ## - NOTA GERAL
Nota geral 70 tables; 44 ref.; Summary (Por)
650 ## - ASSUNTO--TERMO TÓPICO
Cabeçalho tópico ou nome geográfico Fertilidade do solo
650 ## - ASSUNTO--TERMO TÓPICO
Cabeçalho tópico ou nome geográfico Quimica do solo
650 ## - ASSUNTO--TERMO TÓPICO
Cabeçalho tópico ou nome geográfico Solo
650 ## - ASSUNTO--TERMO TÓPICO
Cabeçalho tópico ou nome geográfico Fertilizante fosfatado
650 ## - ASSUNTO--TERMO TÓPICO
Cabeçalho tópico ou nome geográfico Calagem
650 ## - ASSUNTO--TERMO TÓPICO
Cabeçalho tópico ou nome geográfico Calcario
650 ## - ASSUNTO--TERMO TÓPICO
Cabeçalho tópico ou nome geográfico Acidez
650 ## - ASSUNTO--TERMO TÓPICO
Cabeçalho tópico ou nome geográfico Analise quimica
909 ## -
-- 202309
-- Lucia
-- 55
-- Lucia Elande
942 ## - ELEMENTOS DE ENTRADA ADICIONADOS (KOHA)
Tipo de material Koha Livros
Exemplares
Situação do descarte Fonte da classificação ou esquema de arquivamento na estante Situação física Não pode ser emprestado Coleção Biblioteca de origem Biblioteca atual Total de empréstimos Número de telefone completo Código de barras Data de último acesso Número do exemplar Tipo de material Koha Situação das perdas Data de aquisição Fonte de aquisição
  Classificação AGRIS       Biblioteca Nacional de Agricultura - Binagri Biblioteca Nacional de Agricultura - Binagri   3830 BR5800069 3830 BR5800069 25/09/2023 01 Livros   2023-09-25 Portaria Interministerial nº 164/94

BINAGRI

Telefone: (61)3218-2567/2388/3357/2097 - binagri@agro.gov.br

Ministério da Agricultura e Pecuária , Esplanada dos Ministérios, Bloco D, Anexo B, Brasília/DF, CEP: 70.043-900